SCUOLA SOCIALE CATTOLICA IN BERGAMO. CORSO BIENNALE. APPUNTI DEL PRIMO ANNO. (Record n. 282351)
[ formato base ]
| 000 -LEADER | |
|---|---|
| fixed length control field | 01253nam a2200229Ia 4500 |
| 001 - CONTROL NUMBER | |
| control field | L301-23251 |
| 003 - CONTROL NUMBER IDENTIFIER | |
| control field | IT-CnALBA |
| 008 - FIXED-LENGTH DATA ELEMENTS--GENERAL INFORMATION | |
| fixed length control field | 170116s9999||||xx |||||||||||||| ||und|| |
| 040 ## - CATALOGING SOURCE | |
| Original cataloging agency | IT-CnALBA |
| Transcribing agency | IT-CnALBA |
| 041 ## - LANGUAGE CODE | |
| Language code of text/sound track or separate title | ITALIANO |
| 999 ## - SYSTEM CONTROL NUMBERS (KOHA) | |
| Koha Dewey Subclass [OBSOLETE] | SI |
| 100 ## - MAIN ENTRY--PERSONAL NAME | |
| Personal name | TONIOLO GIUSEPPE, PROF. |
| 245 #0 - TITLE STATEMENT | |
| Title | SCUOLA SOCIALE CATTOLICA IN BERGAMO. CORSO BIENNALE. APPUNTI DEL PRIMO ANNO. |
| 250 ## - EDITION STATEMENT | |
| Edition statement | 1a ed. |
| 260 ## - PUBLICATION, DISTRIBUTION, ETC. (IMPRINT) | |
| Place of publication, distribution, etc. | BERGAMO |
| Name of publisher, distributor, etc. | S. ALESSANDRO SESA , SOC. ED. |
| Date of publication, distribution, etc. | 1910 [1° Ed.:1910 - Ed.Ling.Originale: 1910] |
| 300 ## - PHYSICAL DESCRIPTION | |
| Extent | 327 p. |
| 500 ## - GENERAL NOTE | |
| General note | PRINCIPI CRISTIANI D'ORDINAMENTO ECONOMICO. LA SCUOLA NELLA LEGISLAZIONE ITALIANA. LEGISLAZIONE OPERAIA. NORME PER LA COSTITUZIONE DELLE SOCIETÀ COOPERATIVE. DIRITTO COMMERCIALE. DISGREGAMENTO ECONOMICO. ORDINAMENTO ECONOMICO CRISTIANO. PROPRIETÀ PRIVATA. |
| 501 ## - WITH NOTE | |
| With note | Società San Paolo EM - Piazza San Paolo, 14 - 12051 ALBA (CN) (non commercial uses only) ® Copyright 2017 |
| 520 ## - SUMMARY, ETC. | |
| Summary, etc. | PRINCIPI CRISTIANI D'ORDINAMENTO ECONOMICO. LA SCUOLA NELLA LEGISLAZIONE ITALIANA. LEGISLAZIONE OPERAIA. NORME PER LA COSTITUZIONE DELLE SOCIETÀ COOPERATIVE. DIRITTO COMMERCIALE. DISGREGAMENTO ECONOMICO. ORDINAMENTO ECONOMICO CRISTIANO. PROPRIETÀ PRIVATA. |
| 650 ## - SUBJECT ADDED ENTRY--TOPICAL TERM | |
| Topical term or geographic name as entry element | SCIENZE SOCIALI |
| 942 ## - ADDED ENTRY ELEMENTS (KOHA) | |
| Koha item type | LIBRO |
| 957 ## - | |
| -- | 1 |
| 999 ## - SYSTEM CONTROL NUMBERS (KOHA) | |
| -- | Copie: 1 |
| Withdrawn status | Lost status | Damaged status | Not for loan | Home library | Current library | Date acquired | Total Checkouts | Full call number | Date last seen | Price effective from | Koha item type | Public note |
|---|---|---|---|---|---|---|---|---|---|---|---|---|
| Buone Condizioni | Not For Loan | ALBA - Biblioteca | ALBA - Biblioteca | 16/01/2017 | L301-23251 | 16/01/2017 | 16/01/2017 | LIBRO | (data import: 16 gennaio 2017) - By Epidotti, Vaglietti. |